Actas del Cabildo de Santiago: IX, 1622 a 1627

Saved in:
Bibliographic Details
Corporate Author: Cabildo de Santiago (Author)
Format: Book
Language:Spanish
Published: Santiago Imprenta Elzeviriana 1902
Edition:1a. ed
Series:Colección de Historiadores de Chile y de Documentos relativos a la Historia Nacional, XXVIII
Subjects:
Tags: Add Tag
No Tags, Be the first to tag this record!

MARC

LEADER 00000nam a2200000 a 4500
001 UCJ4445
003 CL-VaPUC
008 070124e19020000CL |||||||||||||||||spa|d
082 0 4 |a 983  |b CAB  |2 21 
110 2 |a Cabildo de Santiago  |e author  |9 508155 
245 1 0 |a Actas del Cabildo de Santiago: IX, 1622 a 1627 
250 |a 1a. ed 
300 |a 506 p 
942 |c BK 
945 |d 20070124 00:00:00  |a rinostro 
260 |a Santiago  |b Imprenta Elzeviriana  |c 1902 
650 0 |a Historia de Chile  |9 265473 
650 0 |a Administración colonial   |9 508204 
650 7 |a DOCUMENTOS  |2 CL-VaPUC  |9 366450 
650 7 |a FUENTES  |2 CL-VaPUC  |9 255666 
650 0 |a Obras públicas  |9 261125 
650 7 |a SALUBRIDAD  |2 CL-VaPUC  |9 459475 
650 7 |a PESTE  |2 CL-VaPUC  |9 504766 
650 7 |a TASAS E IMPUESTOS  |2 CL-VaPUC  |9 504806 
650 0 |a Comercio  |9 255341 
650 7 |a PESOS Y MEDIDAS  |2 CL-VaPUC  |9 504825 
650 7 |a LICENCIAS PROFESIONALES  |2 CL-VaPUC  |9 508157 
650 0 |a Médicos   |9 339460 
651 0 |a Santiago  |9 265444 
583 |a last modification  |c 20070124 00:00:00  |k Rodrigo Vera 
490 0 |a Colección de Historiadores de Chile y de Documentos relativos a la Historia Nacional, XXVIII 
999 |c 320561  |d 320559 
952 |0 0  |1 0  |4 0  |6 983_000000000000000_CAB_1902  |7 0  |8 X  |9 399107  |a FDOBUD  |b FDOBUD  |d 2019-11-22  |i 1000276  |o 983 CAB 1902  |p 1000276  |r 2019-11-22  |w 2019-11-22  |y BK_X  |k BUD